| 000 -LEADER | |
|---|---|
| fixed length control field | 00393nam a22001697a 4500 |
| 005 - DATE AND TIME OF LATEST TRANSACTION | |
| control field | 20251210172910.0 |
| 008 - FIXED-LENGTH DATA ELEMENTS--GENERAL INFORMATION | |
| fixed length control field | 160620b xxu||||| |||| 00| 0 eng d |
| 020 ## - INTERNATIONAL STANDARD BOOK NUMBER | |
| ISBN | 81-7194-226-1 |
| 041 ## - LANGUAGE CODE | |
| Language code of text/sound track or separate title | eng |
| 082 ## - DEWEY DECIMAL CLASSIFICATION NUMBER | |
| Item number | 8419 |
| Classification number | 343.04 |
| 100 ## - MAIN ENTRY--AUTHOR NAME | |
| Personal name | Singhania, Dr. Vinod K |
| 245 ## - TITLE STATEMENT | |
| Title | Direct Taxes Ready Rockoner |
| 260 ## - PUBLICATION, DISTRIBUTION, ETC. (IMPRINT) | |
| Name of publisher | Taxmann |
| Year of publication | 2001 |
| 300 ## - PHYSICAL DESCRIPTION | |
| Number of Pages | 248 |
| 650 ## - SUBJECT ADDED ENTRY--TOPICAL TERM | |
| Topical Term | Management |
| 942 ## - ADDED ENTRY ELEMENTS (KOHA) | |
| Koha item type | Books |
| Lost status | Damaged status | Home library | Current library | Shelving location | Date acquired | Cost, normal purchase price | Full call number | Accession Number | Koha item type | Collection code | Source of acquisition | Serial Enumeration / chronology |
|---|---|---|---|---|---|---|---|---|---|---|---|---|
| JRU Library | JRU Library | SHELF-75-N | 20/06/2016 | 290.00 | 343.04 | 8419 | Books | |||||
| JRU Library | JRU Library | SHELF-15-C | 08/12/2025 | 2495.00 | 343.04 | 29267 | Books | MANAGEMENT | PURCHASE | lbi/000812 date-06/12/2025 |